Mechanical properties of natural rubber/poly butadiene rubber blends prepared using fatty acid incorporated natural rubber (Record no. 51422)

MARC details
000 -LEADER
fixed length control field 00489nam a2200169Ia 4500
100 ## - MAIN ENTRY--AUTHOR NAME
Personal name Alex R
245 #0 - TITLE STATEMENT
Title Mechanical properties of natural rubber/poly butadiene rubber blends prepared using fatty acid incorporated natural rubber
260 ## - PUBLICATION, DISTRIBUTION, ETC. (IMPRINT)
Name of publisher Rubber India
Year of publication 2009
300 ## - PHYSICAL DESCRIPTION
Number of Pages 29-32
650 ## - SUBJECT ADDED ENTRY--TOPICAL TERM
Topical Term Fatty acid
650 ## - SUBJECT ADDED ENTRY--TOPICAL TERM
Topical Term Poly butadiene rubber
700 ## - ADDED ENTRY--PERSONAL NAME
Personal name Cherian T
700 ## - ADDED ENTRY--PERSONAL NAME
Personal name Joseph S
700 ## - ADDED ENTRY--PERSONAL NAME
Personal name Thomas K T
942 ## - ADDED ENTRY ELEMENTS (KOHA)
Koha item type Bibliography STAF
Holdings
Withdrawn status Lost status Damaged status Not for loan Home library Current library Shelving location Date acquired Serial Enumeration / chronology Koha item type
      Bibliography RRII Library RRII Library Rubber technology 08/05/2009 Volume LXI, Issue 4 Bibliography STAF